El contador forense / (Registro nro. 30212)

Detalles MARC
000 -LEADER
fixed length control field 00683nam a2200217Ia 4500
003 - CONTROL NUMBER IDENTIFIER
control field CO-CtgCURN
005 - DATE AND TIME OF LATEST TRANSACTION
control field 20250506134821.0
008 - FIXED-LENGTH DATA ELEMENTS--GENERAL INFORMATION
fixed length control field 190725s9999 xx 000 0 und d
020 ## - INTERNATIONAL STANDARD BOOK NUMBER
International Standard Book Number 9789586537377
040 ## - CATALOGING SOURCE
Original cataloging agency CO-CtgCURN
Language of cataloging spa
Transcribing agency coctgcurn
082 ## - DEWEY DECIMAL CLASSIFICATION NUMBER
Classification number 657
Item number A973c
100 ## - MAIN ENTRY--PERSONAL NAME
Personal name Ayala Vela, Horacio
245 #0 - TITLE STATEMENT
Title El contador forense /
Statement of responsibility, etc. Horacio Ayala Vela
260 ## - PUBLICATION, DISTRIBUTION, ETC.
Place of publication, distribution, etc. Bogotá, Colombia :
Name of publisher, distributor, etc. Legis,
Date of publication, distribution, etc. 2008
300 ## - PHYSICAL DESCRIPTION
Extent 300 páginas ;
Dimensions 23 centímetros
521 ## - TARGET AUDIENCE NOTE
Target audience note AREA BASICA
590 ## - LOCAL NOTE (RLIN)
Local note Todos los programas acádemicos
650 ## - SUBJECT ADDED ENTRY--TOPICAL TERM
Topical term or geographic name entry element Contabilidad
942 ## - ADDED ENTRY ELEMENTS (KOHA)
Koha item type Libros
Classification part 657
Item part A973c
Source of classification or shelving scheme Dewey Decimal Classification
Suppress in OPAC No
Existencias
Withdrawn status Lost status Source of classification or shelving scheme Damaged status Not for loan Collection Home library Current library Shelving location Date acquired Inventory number Total checkouts Full call number Barcode Date last seen Copy number Price effective from Koha item type
    Dewey Decimal Classification     General Miguel Henríquez Castañeda Barranquilla Miguel Henríquez Castañeda Barranquilla General 05/23/2018 02863   657 A973c 02863 07/25/2019 ej.1 07/25/2019 Libros